Statistiques concernant Régions d'Espagne - Carte quiz

Cliquez ici pour prendre le quiz!

Statistiques générales

  • Ce quiz a été pris 259 fois
  • Le résultat moyen est 12 sur 17

Réponses sur la Carte

Les réponses sont colorées sur une échelle allant du rouge au vert en fonction du pourcentage des utilisateurs qui les ont devinées à leur premier essai. Vous pouvez retrouver ces pourcentages ci-dessous.
 

Statistiques - réponses

Réponse% Correct
Andalousie
91%
Catalogne
91%
Iles Canaries
90%
Iles Baléares
89%
Madrid
84%
Galice
79%
Pays basque
77%
Valence
76%
Castille et Leon
70%
Castille-La Manche
66%
Asturies
63%
Estrémadure
62%
Murcie
62%
Aragon
61%
La Rioja
60%
Navarre
58%
Cantabrie
42%

Distribution des résultats

Percentile par nombre de réponses

% des personnes avec chaque résultat

Votre développement - résultats

Vous n’avez pas pris ce quiz